[Event "OSREDNJA SLOVENSKA LIGA 2024"]
[Site "Gostovanja"]
[Date "2024.09.19"]
[Round "2.1"]
[White "Debevec, Blaz"]
[Black "Jakob, Matthias"]
[Result "1-0"]
[WhiteElo "2066"]
[BlackElo "1959"]
[PlyCount "100"]
[EventDate "2024.09.12"]
[WhiteTeam "SD Domzale"]
[BlackTeam "SK Trzin Buscotrade"]

1. e4 e6 2. d4 d5 3. Nc3 Bb4 4. e5 c5 5. Bd2 Nh6 6. Nb5 Bxd2+ 7. Qxd2 cxd4 8.
Nf3 Nc6 9. Nbxd4 O-O 10. Bd3 Nxd4 11. Nxd4 f6 12. Nf3 Nf7 13. exf6 Qxf6 14. O-O
e5 15. Be2 Be6 16. c4 d4 17. Bd3 Bf5 18. Rae1 Rac8 19. Qc2 Nd6 20. Nd2 Bxd3 21.
Qxd3 Qf4 22. Ne4 Nf5 23. Ng3 Nd6 24. c5 Nf5 25. Nxf5 Qxf5 26. Re4 g5 27. f3 Kf7
28. Rfe1 Kg7 29. b4 h5 30. h3 h4 31. Qd2 Rc6 32. b5 Rc7 33. Rc1 Kg6 34. Qe2 Kf6
35. Qc4 Qh7 36. Re2 Qe7 37. Rcc2 Qd7 38. Qd3 Qd5 39. Qd2 Qd7 40. a4 Qd5 41. Qd3
Qd7 42. Qe4 Qh7 43. Qd5 Qd7 44. Qb3 Qh7 45. Qb4 Qd7 46. Qa5 b6 47. Qb4 bxc5 48.
Rxc5 Rxc5 49. Qxc5 Qb7 50. Rxe5 Qf7 {nejasno (54)} 1-0

[Event "OSREDNJA SLOVENSKA LIGA 2024"]
[Site "Gostovanja"]
[Date "2024.09.19"]
[Round "2.1"]
[White "Raspor, Gregor"]
[Black "Turek, Lan Timotej"]
[Result "0-1"]
[WhiteElo "1978"]
[BlackElo "2017"]
[PlyCount "56"]
[EventDate "2024.09.12"]
[WhiteTeam "SK Trzin Buscotrade"]
[BlackTeam "SD Domzale"]

1. d4 Nf6 2. c4 g6 3. Nf3 Bg7 4. g3 O-O 5. Bg2 d6 6. Nc3 c6 7. e4 e5 8. h3 Qe7
9. O-O Nbd7 10. Re1 a6 11. Be3 Ne8 12. Qd2 Nc7 13. Rad1 b5 14. cxb5 axb5 15. a3
exd4 16. Nxd4 Ne5 17. b3 Rxa3 18. f4 c5 19. Ndxb5 Nxb5 20. Nxb5 Rxb3 21. Nxd6
Nd3 22. Nxc8 Rxc8 23. Rf1 Bb2 24. e5 c4 25. Qe2 Nb4 26. Bc1 c3 27. Bxb2 Rxb2
28. Rc1 Rxe2 0-1

[Event "OSREDNJA SLOVENSKA LIGA 2024"]
[Site "Gostovanja"]
[Date "2024.09.19"]
[Round "2.1"]
[White "Markosek, Bine"]
[Black "Krumpak, Hinko"]
[Result "1-0"]
[WhiteElo "1989"]
[BlackElo "2002"]
[PlyCount "74"]
[EventDate "2024.09.12"]
[WhiteTeam "SD Domzale"]
[BlackTeam "SK Trzin Buscotrade"]

1. e4 g6 2. d4 Bg7 3. Nf3 c5 4. c3 b6 5. Bc4 cxd4 6. cxd4 Nc6 7. Nc3 Na5 8. Bd5
Bb7 9. Bf4 d6 10. Qa4+ Kf8 11. Bxb7 Nxb7 12. O-O Bh6 13. Bg3 Nf6 14. e5 Nh5 15.
Bh4 dxe5 16. Nxe5 f6 17. Nc6 Qd7 18. Rfe1 Re8 19. d5 Na5 20. Rad1 a6 21. Qe4
Nb7 22. Qf3 Nf4 23. Bg3 Nh5 24. Ne4 Nxg3 25. Nxf6 Qf5 26. Nxe8 Qxf3 27. gxf3
Nf5 28. Nc7 Nbd6 29. Ne6+ Kf7 30. Ne5+ Kf6 31. Ng4+ Kf7 32. Nxh6+ Nxh6 33. Ng5+
Ke8 34. Re6 Kd7 35. Ne4 Nhf5 36. Nxd6 Nxd6 37. Rde1 Re8 1-0

[Event "OSREDNJA SLOVENSKA LIGA 2024"]
[Site "Gostovanja"]
[Date "2024.09.19"]
[Round "2.1"]
[White "Borisek, Anze"]
[Black "Skube, Zan"]
[Result "0-1"]
[WhiteElo "1933"]
[BlackElo "1719"]
[PlyCount "88"]
[EventDate "2024.09.12"]
[WhiteTeam "SK Trzin Buscotrade"]
[BlackTeam "SD Domzale"]

1. f4 d5 2. Nf3 Nf6 3. e3 g6 4. b3 Bg7 5. Bb2 O-O 6. Be2 c5 7. O-O Nc6 8. Ne5
Qc7 9. Nxc6 Qxc6 10. Qe1 Be6 11. Bf3 Qd7 12. d3 Rac8 13. c4 Rfd8 14. Nc3 d4 15.
Ne4 Nxe4 16. Bxe4 dxe3 17. Bxg7 Kxg7 18. Qxe3 b6 19. f5 Bxf5 20. Bxf5 gxf5 21.
Qg5+ Kf8 22. Qh6+ Kg8 23. Rae1 Qd4+ 24. Kh1 e6 25. Rf3 Kh8 26. Rh3 Qg7 27. Qh4
Rd4 28. Qe7 Rg8 29. Rg1 Rg4 30. a3 Rxg2 31. Rxh7+ Kxh7 32. Qh4+ Qh6 33. Qxh6+
Kxh6 34. Rxg2 Rxg2 35. Kxg2 e5 36. b4 a5 37. b5 a4 38. Kg3 Kg5 39. Kf3 Kh4 40.
Kg2 f4 41. Kf3 f5 42. Kg2 Kg4 43. Kh1 Kf3 44. Kg1 Ke2 0-1

[Event "OSREDNJA SLOVENSKA LIGA 2024"]
[Site "Gostovanja"]
[Date "2024.09.19"]
[Round "2.2"]
[White "Olenik Campa, Rudi"]
[Black "Markoja Jeraj, Sebastijan"]
[Result "1-0"]
[WhiteElo "2335"]
[BlackElo "2227"]
[PlyCount "28"]
[EventDate "2024.09.12"]
[WhiteTeam "SK Ljubljana"]
[BlackTeam "SK Dol pri Ljubljani"]

1. e4 c5 2. Nf3 d6 3. Bb5+ Bd7 4. Bxd7+ Qxd7 5. O-O Nf6 6. Re1 Nc6 7. d4 cxd4
8. Nxd4 g6 9. Nxc6 bxc6 10. b3 Bg7 11. Bb2 O-O 12. Nd2 d5 13. Qe2 Nxe4 14. Bxg7
Ng3 1-0

[Event "OSREDNJA SLOVENSKA LIGA 2024"]
[Site "Gostovanja"]
[Date "2024.09.19"]
[Round "2.2"]
[White "Kampus, Andrej"]
[Black "Marinko, Peter"]
[Result "1-0"]
[WhiteElo "1915"]
[BlackElo "2074"]
[PlyCount "65"]
[EventDate "2024.09.12"]
[WhiteTeam "SK Dol pri Ljubljani"]
[BlackTeam "SK Ljubljana"]

1. e4 c6 2. Nc3 d5 3. Nf3 g6 4. d4 dxe4 5. Nxe4 Bg7 6. Bc4 Nf6 7. Nxf6+ Bxf6 8.
c3 O-O 9. Bh6 Re8 10. Qb3 e6 11. O-O-O a5 12. h4 b5 13. Bd3 Qd5 14. Qc2 Bg7 15.
Bxg7 Kxg7 16. h5 Nd7 17. Qd2 f6 18. hxg6 h5 19. Rh4 Rh8 20. Rdh1 a4 21. Be4
Qxa2 22. Rxh5 Rxh5 23. Rxh5 Kf8 24. Rh8+ Ke7 25. g7 a3 26. g8=Q Qa1+ 27. Bb1 a2
28. Qc2 axb1=R+ 29. Qxb1 Ra4 30. Rh7+ Kd6 31. Qg3+ e5 32. dxe5+ Nxe5 33. Nxe5
1-0

[Event "OSREDNJA SLOVENSKA LIGA 2024"]
[Site "Gostovanja"]
[Date "2024.09.19"]
[Round "2.2"]
[White "Glavac, Leo"]
[Black "Azinovic, Igor"]
[Result "1-0"]
[WhiteElo "1798"]
[BlackElo "1799"]
[PlyCount "103"]
[EventDate "2024.09.12"]
[WhiteTeam "SK Ljubljana"]
[BlackTeam "SK Dol pri Ljubljani"]

1. e4 c5 2. Nc3 e6 3. g3 d5 4. Bg2 dxe4 5. Nxe4 Nc6 6. Ne2 Nf6 7. N2c3 Be7 8.
O-O O-O 9. Nxf6+ Bxf6 10. Ne4 Be7 11. d3 Bd7 12. Be3 b6 13. f4 Rc8 14. c3 Qc7
15. Qf3 Rfd8 16. Rad1 Bf8 17. Qh5 Be8 18. f5 f6 19. Qg4 Ne5 20. Nxf6+ Kh8 21.
Nxe8 Nxg4 22. Nxc7 Nxe3 23. Nxe6 Rd6 24. c4 Nxd1 25. Rxd1 Be7 26. Bd5 Bf6 27.
b3 Re8 28. Re1 g6 29. fxg6 hxg6 30. Re4 Re7 31. h4 Kh7 32. Kg2 Kh6 33. Kh3 Red7
34. Kg4 Rxd5 35. cxd5 Rxd5 36. Nf4 Rd6 37. Re6 Rxe6 38. Nxe6 Be5 39. a4 Kh7 40.
Kf3 Kg8 41. Nd8 Bc7 42. Nc6 a6 43. Ne7+ Kf7 44. Nd5 Bd8 45. Ke4 Ke6 46. Nf4+
Kf6 47. Kd5 g5 48. hxg5+ Kf5 49. g6 Bf6 50. Nh5 Kxg6 51. Nxf6 Kxf6 52. Kc6 1-0

[Event "OSREDNJA SLOVENSKA LIGA 2024"]
[Site "Gostovanja"]
[Date "2024.09.19"]
[Round "2.3"]
[White "Ribicic, Marko"]
[Black "Pisek, Igor"]
[Result "0-1"]
[WhiteElo "1844"]
[BlackElo "1806"]
[PlyCount "76"]
[EventDate "2024.09.12"]
[WhiteTeam "Zelenci LPP"]
[BlackTeam "SK Visnja gora - Sticna"]

1. e4 e5 2. Nf3 Nc6 3. Bc4 Be7 4. c3 d6 5. d4 Nf6 6. d5 Nb8 7. Qc2 O-O 8. h3 a6
9. a4 b6 10. O-O Bb7 11. Nh2 c6 12. dxc6 Bxc6 13. Bd3 Qc7 14. f4 Qb7 15. Nd2
Nbd7 16. b4 b5 17. a5 Rac8 18. Ng4 Nxg4 19. hxg4 exf4 20. Nf3 Ne5 21. Nxe5 dxe5
22. Qe2 Rfd8 23. Bb2 f6 24. Rad1 Rd7 25. Bb1 Rcd8 26. Rxd7 Rxd7 27. Ba2+ Kf8
28. g5 Bxe4 29. gxf6 Bxf6 30. Rd1 Bg6 31. c4 Bf7 32. Rxd7 Qxd7 33. Bxe5 Qe7 34.
Qe4 Qxe5 35. Qa8+ Be8 36. cxb5 Qxb5 37. Qe4 Qe5 38. Qc2 Qe3+ 0-1

[Event "OSREDNJA SLOVENSKA LIGA 2024"]
[Site "Gostovanja"]
[Date "2024.09.19"]
[Round "2.3"]
[White "Becic, Semso"]
[Black "Lesjak, Damjan"]
[Result "1-0"]
[WhiteElo "1747"]
[BlackElo "1848"]
[PlyCount "73"]
[EventDate "2024.09.12"]
[WhiteTeam "Zelenci LPP"]
[BlackTeam "SK Visnja gora - Sticna"]

1. e4 c5 2. Nc3 Nc6 3. Bb5 d6 4. Nf3 a6 5. Be2 Nf6 6. d3 g6 7. Bg5 Bg7 8. h3
O-O 9. O-O b5 10. a3 Bb7 11. Qd2 Nd4 12. Bh6 Qb6 13. Bxg7 Kxg7 14. Nd1 Nxe2+
15. Qxe2 Rac8 16. e5 dxe5 17. Qxe5 c4 18. d4 Rfd8 19. c3 Rd5 20. Qe2 Rf5 21.
Ne3 Bxf3 22. Nxf5+ gxf5 23. Qxf3 e6 24. Qg3+ Kf8 25. Qe5 Ke7 26. Rfe1 Rg8 27.
Qxf5 Qc6 28. f3 h6 29. Rad1 Rg5 30. Qf4 Nh5 31. Qe4 Qd6 32. Qh4 Nf4 33. Rd2 Ng6
34. Qe4 Qg3 35. d5 Re5 36. d6+ Kf6 37. d7 1-0

[Event "OSREDNJA SLOVENSKA LIGA 2024"]
[Site "Gostovanja"]
[Date "2024.09.19"]
[Round "2.3"]
[White "Miceli, Dario Edgardo"]
[Black "Levacic, Matic"]
[Result "1-0"]
[WhiteElo "1774"]
[BlackElo "1614"]
[PlyCount "81"]
[EventDate "2024.09.12"]
[WhiteTeam "SK Visnja gora - Sticna"]
[BlackTeam "Zelenci LPP"]

1. d4 d5 2. Nf3 Nf6 3. c4 c6 4. Nc3 e6 5. Bg5 Be7 6. e3 h6 7. Bh4 Qb6 8. Qc2
Nbd7 9. c5 Qd8 10. Rb1 b6 11. b4 a5 12. a3 O-O 13. Be2 b5 14. O-O axb4 15. axb4
Ra3 16. Rb3 Ra7 17. Bd3 Bb7 18. Rb2 Qa8 19. Ra2 Rxa2 20. Nxa2 Qa3 21. Rb1 Ra8
22. Nc3 Nb8 23. Nd2 Ne4 24. Nxb5 cxb5 25. Bxe7 Nxd2 26. Qxd2 Nc6 27. Bd6 Qa4
28. h3 Ba6 29. Bc2 Qa3 30. Qd3 Qxd3 31. Bxd3 g5 32. Kf1 Kg7 33. Ke2 f5 34. Kd2
Rf8 35. Kc3 Kf7 36. Ra1 Ra8 37. Bxb5 Bb7 38. Rxa8 Bxa8 39. Be2 Ke8 40. Bh5+ Kd7
41. Bf8 1-0

[Event "OSREDNJA SLOVENSKA LIGA 2024"]
[Site "Gostovanja"]
[Date "2024.09.19"]
[Round "2.4"]
[White "Veskovic, Dzemal"]
[Black "Lucovnik, Tilen"]
[Result "0-1"]
[WhiteElo "1895"]
[BlackElo "2169"]
[PlyCount "120"]
[EventDate "2024.09.12"]
[WhiteTeam "SD Menges - Trzin"]
[BlackTeam "SK Komenda Popotnik"]

1. e4 d6 2. Nc3 Nf6 3. d4 e5 4. dxe5 dxe5 5. Qxd8+ Kxd8 6. Bg5 Be6 7. O-O-O+
Kc8 8. Bxf6 gxf6 9. g3 Nd7 10. Kb1 c6 11. Bh3 Kc7 12. Bxe6 fxe6 13. Nge2 Bc5
14. f3 {(=)} Rag8 15. a3 a5 16. Rhf1 Rg6 17. f4 Rh6 18. h4 Re8 19. f5 exf5 20.
Rxf5 Rg6 21. Rdf1 Rg4 22. R1f3 Kd6 23. Rd3+ Ke6 24. Rh5 Re7 25. Rf3 Nb6 26.
Rhf5 Rf7 27. Rd3 Nc4 28. Nf4+ exf4 29. Rxc5 Ne5 30. Rd1 b6 31. gxf4 bxc5 32.
fxe5 Kxe5 33. h5 Rh4 34. Na4 Kxe4 35. Nxc5+ Ke3 36. Rd6 Rxh5 37. Rxc6 f5 38.
Re6+ Kd4 39. Nb3+ Kd5 40. Ra6 Rh1+ 41. Ka2 f4 42. Rxa5+ Kd6 43. Ra6+ Ke7 44.
Nd4 Rd1 45. Nf3 Rd6 46. Ra5 Kf6 47. Rh5 Rd1 48. Rc5 Rf1 49. Rc3 h5 50. b4 Re7
51. Nd4 Re3 52. Rc5 Re4 53. c3 h4 54. Rh5 f3 55. Rf5+ Kg6 56. Rxf3 Rxf3 57.
Nxf3 h3 58. Kb3 Rf4 59. Nh2 Rf2 60. Ng4 Re2 0-1

[Event "OSREDNJA SLOVENSKA LIGA 2024"]
[Site "Gostovanja"]
[Date "2024.09.19"]
[Round "2.4"]
[White "Zidar, Jernej"]
[Black "Jukan, Nesib"]
[Result "1-0"]
[WhiteElo "2055"]
[BlackElo "1930"]
[PlyCount "59"]
[EventDate "2024.09.12"]
[WhiteTeam "SK Komenda Popotnik"]
[BlackTeam "SD Menges - Trzin"]

1. d4 d5 2. c4 e6 3. Nf3 Nf6 4. g3 dxc4 5. Bg2 c5 6. Qa4+ Nc6 7. O-O Qa5 8.
Qxc4 Qb4 9. Qxb4 Nxb4 10. Na3 Nbd5 11. Re1 cxd4 12. Nb5 Bc5 13. Nbxd4 Bd7 14.
a4 Rc8 15. b4 Bb6 16. Bb2 O-O 17. Rac1 Bxa4 18. Ne5 Nd7 19. Bxd5 exd5 20. Nf5
Rxc1 21. Rxc1 Nxe5 22. Bxe5 f6 23. Bc7 Bd7 24. Ne7+ Kf7 25. Bxb6 axb6 26. Nxd5
b5 27. Rc7 Ke6 28. Rxb7 Rc8 29. e4 Kd6 30. Rxd7+ 1-0

[Event "OSREDNJA SLOVENSKA LIGA 2024"]
[Site "Gostovanja"]
[Date "2024.09.19"]
[Round "2.4"]
[White "Simicak, Metod"]
[Black "Cimperman, Teo"]
[Result "1-0"]
[WhiteElo "1858"]
[BlackElo "1702"]
[PlyCount "107"]
[EventDate "2024.09.12"]
[WhiteTeam "SD Menges - Trzin"]
[BlackTeam "SK Komenda Popotnik"]

1. e4 c5 2. Nc3 g6 3. d4 cxd4 4. Qxd4 Nf6 5. Nd5 Bg7 6. Bg5 Nc6 7. Qc3 O-O 8.
Bxf6 exf6 9. Qa3 Re8 10. Bd3 f5 11. f3 fxe4 12. fxe4 f5 13. O-O-O fxe4 14. Bc4
Kh8 15. Ne2 d6 16. Ndf4 Be5 17. h3 Qg5 18. Rhf1 Bd7 19. Kb1 Rab8 20. Bd5 a6 21.
Bxe4 b5 22. Nd3 b4 23. Qxa6 Ra8 24. Qc4 Be6 25. Rf8+ Rxf8 26. Qxe6 Rac8 27. Bf3
Qf5 28. Qd5 Qf7 29. Qxf7 Rxf7 30. Bxc6 Rxc6 31. Nxb4 Rb6 32. Nd3 Kg7 33. b3 Rb8
34. a3 Rbf8 35. c4 Rf1 36. Rxf1 Rxf1+ 37. Kc2 Ra1 38. Nxe5 dxe5 39. a4 Ra2+ 40.
Kd3 Rb2 41. Nc3 Rxb3 42. c5 Kf7 43. Kc4 Rb2 44. a5 Rxg2 45. a6 Rg1 46. Kb5 Ra1
47. Kb6 e4 48. c6 Ke7 49. a7 Kd8 50. Nb5 e3 51. c7+ Kd7 52. Kb7 Rc1 53. a8=Q e2
54. Qd8+ 1-0

[Event "OSREDNJA SLOVENSKA LIGA 2024"]
[Site "Gostovanja"]
[Date "2024.09.19"]
[Round "2.5"]
[White "Butala, Marjan"]
[Black "Babarovic, Fran"]
[Result "1/2-1/2"]
[WhiteElo "1940"]
[BlackElo "1786"]
[PlyCount "96"]
[EventDate "2024.09.12"]
[WhiteTeam "Drustvo KPSRD Karel Jeraj"]
[BlackTeam "SK Komenda Pogi"]

1. e4 c5 2. Nc3 Nc6 3. g3 g6 4. Bg2 Bg7 5. Nf3 d6 6. d3 Bd7 7. O-O Nf6 8. h3
Rb8 9. a4 a6 10. Be3 b5 11. axb5 axb5 12. Qd2 O-O 13. Bh6 b4 14. Ne2 c4 15.
Bxg7 Kxg7 16. Qe3 Qb6 17. d4 d5 18. e5 Ng8 19. Nf4 e6 20. Rfd1 Nge7 21. g4 b3
22. c3 Ra8 23. h4 Ra2 24. Rab1 h6 25. Bh3 Qc7 26. g5 h5 27. Nh2 Rfa8 28. Nf1
Na7 29. Ng3 Nac8 30. Qf3 Nb6 31. Nfxh5+ Kf8 32. Qf6 Ng8 33. Qg7+ Ke7 34. Nf6
Qd8 35. Nxg8+ Qxg8 36. Qf6+ Ke8 37. Qf4 Na4 38. Rd2 Qh7 39. Ne2 Nb6 40. Bg2 Ke7
41. Qf6+ Ke8 42. Qf4 Ke7 43. Kh2 Bb5 44. Kg3 Rh8 45. Bf3 Na4 46. Bg2 Nb6 47.
Rh1 Na4 48. Rb1 Nb6 1/2-1/2

[Event "OSREDNJA SLOVENSKA LIGA 2024"]
[Site "Gostovanja"]
[Date "2024.09.19"]
[Round "2.5"]
[White "Macek, Inti"]
[Black "Novakovic, Novica"]
[Result "1/2-1/2"]
[WhiteElo "1750"]
[BlackElo "1780"]
[PlyCount "52"]
[EventDate "2024.09.12"]
[WhiteTeam "SK Komenda Pogi"]
[BlackTeam "Drustvo KPSRD Karel Jeraj"]

1. d4 c6 2. Nf3 Nf6 3. c4 d5 4. e3 e6 5. Nc3 Nbd7 6. Qc2 Bd6 7. cxd5 exd5 8.
Bd3 O-O 9. O-O h6 10. b3 Re8 11. Bb2 Nf8 12. h3 Bd7 13. Bf5 Bxf5 14. Qxf5 Ng6
15. Qc2 Bc7 16. Rac1 a6 17. Na4 Qd6 18. Qc5 Ne4 19. Qxd6 Nxd6 20. Nc5 Nf8 21.
Ne5 f6 22. Ned3 Ne6 23. Rfe1 Kf7 24. Nxe6 Rxe6 25. Nc5 Ree8 26. Rc2 Bb6 1/2-1/2

[Event "OSREDNJA SLOVENSKA LIGA 2024"]
[Site "Gostovanja"]
[Date "2024.09.19"]
[Round "2.5"]
[White "Vertacnik, Viktor"]
[Black "Perme, Stanko"]
[Result "1-0"]
[WhiteElo "1718"]
[BlackElo "1492"]
[PlyCount "97"]
[EventDate "2024.09.12"]
[WhiteTeam "Drustvo KPSRD Karel Jeraj"]
[BlackTeam "SK Komenda Pogi"]

1. e4 e5 2. Nf3 Nc6 3. Bc4 Bc5 4. c3 Nf6 5. d3 h6 6. Nbd2 O-O 7. O-O d6 8. h3
Na5 9. Bb5 a6 10. Ba4 b5 11. b4 bxa4 12. bxc5 Qd7 13. cxd6 cxd6 14. Ba3 Rd8 15.
Bb4 Nc6 16. Qxa4 Nxb4 17. Qxb4 Qc6 18. Nc4 Be6 19. Na5 Qc7 20. c4 Rab8 21. Qa3
Qb6 22. Nb3 Nh5 23. Rfb1 Qa7 24. Na5 Rb6 25. Rb3 Ng3 26. Rab1 Rxb3 27. Qxb3
Ne2+ 28. Kf1 Qc7 29. Kxe2 Qxa5 30. Qb6 Qxb6 31. Rxb6 Bc8 32. Nd2 Kf8 33. Nb3
Ke7 34. Na5 Rd7 35. Rc6 Bb7 36. Nxb7 Rxb7 37. Rxa6 Rb2+ 38. Ke3 Ke6 39. a4 Rc2
40. a5 g6 41. Ra8 Ke7 42. a6 h5 43. Rb8 Ra2 44. Rb7+ Ke6 45. a7 Ra3 46. g3 f5
47. exf5+ gxf5 48. Rh7 Kf6 49. Rh6+ 1-0

[Event "OSREDNJA SLOVENSKA LIGA 2024"]
[Site "Gostovanja"]
[Date "2024.09.19"]
[Round "2.5"]
[White "Perme, Lojze"]
[Black "Cizman, Gregor"]
[Result "0-1"]
[WhiteElo "1420"]
[BlackElo "1683"]
[PlyCount "58"]
[EventDate "2024.09.12"]
[WhiteTeam "SK Komenda Pogi"]
[BlackTeam "Drustvo KPSRD Karel Jeraj"]

1. e4 c6 2. d4 d5 3. exd5 cxd5 4. Nf3 a6 5. Bd3 Bg4 6. Be2 Bxf3 7. Bxf3 e6 8.
a3 Nf6 9. O-O Be7 10. Nc3 Nc6 11. Bf4 O-O 12. Re1 Rc8 13. Qd2 Re8 14. Rad1 Na5
15. Be2 Nc4 16. Bxc4 Rxc4 17. b3 Rc6 18. b4 Qc8 19. Re3 Nh5 20. g3 b5 21. Rc1
h6 22. Rf3 Nxf4 23. gxf4 Qc7 24. Rg3 Rc8 25. Nxb5 axb5 26. c3 Bf6 27. f5 Rc4
28. Qxh6 Kf8 29. Kg2 gxh6 0-1

[Event "OSREDNJA SLOVENSKA LIGA 2024"]
[Site "Gostovanja"]
[Date "2024.09.19"]
[Round "2.6"]
[White "Justin, Matjaz"]
[Black "Demsar, Maks"]
[Result "1-0"]
[WhiteElo "2215"]
[BlackElo "1958"]
[PlyCount "125"]
[EventDate "2024.09.12"]
[WhiteTeam "SD Vrhnika"]
[BlackTeam "Drustvo Tomo Zupan"]

1. e4 e5 2. Nf3 Nc6 3. Bb5 a6 4. Ba4 Nf6 5. O-O b5 6. Bb3 Bc5 7. Nxe5 Nxe5 8.
d4 Bxd4 9. Qxd4 d6 10. c3 O-O 11. f3 c5 12. Qf2 Qc7 13. Rd1 Bb7 14. Bg5 c4 15.
Bxf6 gxf6 16. Bc2 Qc5 17. Nd2 Rac8 18. Nf1 d5 19. exd5 Bxd5 20. Rd4 Kh8 21. Qh4
Ng6 22. Qxf6+ Kg8 23. Ng3 Rc6 24. Qf5 Be6 25. Qxc5 Rxc5 26. f4 Ne7 27. Ne4 Rc6
28. Nf6+ Kg7 29. Nxh7 Re8 30. Ng5 Bf5 31. Bd1 f6 32. Ne4 Nc8 33. Ng3 Bd3 34.
Bg4 Nb6 35. Bd7 Nxd7 36. Rxd7+ Kh6 37. Kf2 Rce6 38. b4 Bc2 39. Rc1 Bd3 40. Rd1
f5 41. h4 Rg8 42. R1xd3 cxd3 43. Nxf5+ Kh5 44. Rxd3 Rf6 45. Ng3+ Kg4 46. Ne2
Rc8 47. Rg3+ Kxh4 48. Rg7 Rcc6 49. Rg8 Rg6 50. Rxg6 Rxg6 51. Kf3 Rd6 52. Nd4
Rd8 53. g3+ Kh5 54. g4+ Kh6 55. g5+ Kh7 56. f5 Rc8 57. Ne2 Rc4 58. a3 Kg7 59.
Nf4 Rxc3+ 60. Ke4 Rxa3 61. f6+ Kg8 62. g6 Ra1 63. f7+ 1-0

[Event "OSREDNJA SLOVENSKA LIGA 2024"]
[Site "Gostovanja"]
[Date "2024.09.19"]
[Round "2.6"]
[White "Muri, Emil"]
[Black "Siraj, Anej"]
[Result "1/2-1/2"]
[WhiteElo "1862"]
[BlackElo "2075"]
[PlyCount "21"]
[EventDate "2024.09.12"]
[WhiteTeam "Drustvo Tomo Zupan"]
[BlackTeam "SD Vrhnika"]

1. e4 e5 2. d4 exd4 3. Qxd4 Nc6 4. Qe3 Nf6 5. Bd2 b6 6. Nc3 Bc5 7. Qg3 Qe7 8.
O-O-O Nh5 9. Qf3 g6 10. Nd5 Qd8 11. Bc3 1/2-1/2

[Event "OSREDNJA SLOVENSKA LIGA 2024"]
[Site "Gostovanja"]
[Date "2024.09.19"]
[Round "2.6"]
[White "Siraj, Svit"]
[Black "Planinsek, Bojan"]
[Result "1-0"]
[WhiteElo "2048"]
[BlackElo "1818"]
[PlyCount "53"]
[EventDate "2024.09.12"]
[WhiteTeam "SD Vrhnika"]
[BlackTeam "Drustvo Tomo Zupan"]

1. e4 e5 2. Nf3 Nc6 3. Bb5 a6 4. Ba4 Nf6 5. Nc3 d6 6. O-O b5 7. Bb3 Be7 8. Re1
O-O 9. Nd5 Nxd5 10. Bxd5 Bb7 11. a4 Qc8 12. Qe2 Nb4 13. Bb3 bxa4 14. Rxa4 Nc6
15. Bd5 Nd8 16. d4 exd4 17. Nxd4 Ne6 18. Bxe6 fxe6 19. Qg4 e5 20. Nf5 Rf7 21.
Nh6+ Kf8 22. Qxc8+ Bxc8 23. Nxf7 Kxf7 24. h3 h6 25. Be3 Ke6 26. Rea1 g5 27. Rb4
1-0

[Event "OSREDNJA SLOVENSKA LIGA 2024"]
[Site "Gostovanja"]
[Date "2024.09.19"]
[Round "2.6"]
[White "Rogelj, Tomaz"]
[Black "Zlindra, Aljaz"]
[Result "0-1"]
[WhiteElo "1554"]
[BlackElo "1851"]
[PlyCount "74"]
[EventDate "2024.09.12"]
[WhiteTeam "Drustvo Tomo Zupan"]
[BlackTeam "SD Vrhnika"]

1. e4 c6 2. d4 d5 3. Nd2 dxe4 4. Nxe4 Nf6 5. Ng3 g6 6. Nf3 Bg7 7. Bc4 O-O 8.
O-O Nbd7 9. c3 Qc7 10. Qe2 Nb6 11. Bb3 Bg4 12. h3 Bxf3 13. Qxf3 a5 14. Bf4 Qd7
15. a4 Nbd5 16. Be5 Ne8 17. Rfe1 Nec7 18. Rad1 Kh8 19. Bxg7+ Kxg7 20. Ne4 b6
21. Qg3 f6 22. f4 Qf5 23. Nf2 Rfe8 24. Nd3 Rad8 25. Qf3 Qd7 26. g4 h5 27. Kg2
Rh8 28. g5 Rhf8 29. Qe4 Rde8 30. Re2 fxg5 31. fxg5 Rf5 32. h4 e6 33. Ne5 Qd6
34. Rf1 Ref8 35. Ref2 c5 36. Nc4 Qc6 37. Ne5 Ne3+ 0-1

[Event "OSREDNJA SLOVENSKA LIGA 2024"]
[Site "Gostovanja"]
[Date "2024.09.19"]
[Round "2.7"]
[White "Lanjscek, Miha"]
[Black "Skok, Boris"]
[Result "1/2-1/2"]
[WhiteElo "1857"]
[BlackElo "1956"]
[PlyCount "25"]
[EventDate "2024.09.12"]
[WhiteTeam "SK Trzin"]
[BlackTeam "SD Crni graben"]

1. d4 Nf6 2. c4 e6 3. Nc3 Bb4 4. Qc2 d5 5. a3 Bxc3+ 6. Qxc3 c5 7. e3 cxd4 8.
exd4 Ne4 9. Qc2 Nc6 10. Nf3 Qa5+ 11. Bd2 Nxd2 12. Qxd2 Qxd2+ 13. Kxd2 1/2-1/2

[Event "OSREDNJA SLOVENSKA LIGA 2024"]
[Site "Gostovanja"]
[Date "2024.09.19"]
[Round "2.7"]
[White "Osolin, Bogdan"]
[Black "Konvalinka, Kostja"]
[Result "1-0"]
[WhiteElo "1941"]
[BlackElo "1766"]
[PlyCount "23"]
[EventDate "2024.09.12"]
[WhiteTeam "SD Crni graben"]
[BlackTeam "SK Trzin"]

1. e4 c5 2. d4 cxd4 3. c3 dxc3 4. Nxc3 d6 5. Bc4 Nf6 6. e5 Ng8 7. Bf4 Nc6 8.
Nf3 dxe5 9. Nxe5 Qxd1+ 10. Rxd1 Nxe5 11. Bxe5 Nf6 12. Nb5 1-0

[Event "OSREDNJA SLOVENSKA LIGA 2024"]
[Site "Gostovanja"]
[Date "2024.09.19"]
[Round "2.7"]
[White "Bajec, Borut"]
[Black "Hribar, Janez"]
[Result "0-1"]
[WhiteElo "1774"]
[BlackElo "1907"]
[PlyCount "38"]
[EventDate "2024.09.12"]
[WhiteTeam "SK Trzin"]
[BlackTeam "SD Crni graben"]

1. d4 c6 2. c4 d5 3. e3 Bf5 4. Nf3 e6 5. Be2 Nf6 6. O-O Bd6 7. Nc3 Nbd7 8. Nd2
h5 9. f3 Ng4 10. fxg4 Bxh2+ 11. Kh1 hxg4 12. Bxg4 Bg3+ 13. Bh3 Bxh3 14. gxh3
Rxh3+ 15. Kg2 Rh2+ 16. Kxg3 Qh4+ 17. Kf3 Qh3+ 18. Kf4 g5+ 19. Kxg5 Rg2+ 0-1